ACTUARIAL MATHEMATICS FOR LIFE CONTINGENT RISKS (Record no. 87185)
[ view plain ]
| 000 -LEADER | |
|---|---|
| fixed length control field | 00588nam a2200193Ia 4500 |
| 003 - CONTROL NUMBER IDENTIFIER | |
| control field | OSt |
| 005 - DATE AND TIME OF LATEST TRANSACTION | |
| control field | 20250913084020.0 |
| 020 ## - INTERNATIONAL STANDARD BOOK NUMBER | |
| International Standard Book Number | 978-0-521-11825-5 |
| 040 ## - CATALOGING SOURCE | |
| Transcribing agency | LC |
| 050 ## - LIBRARY OF CONGRESS CALL NUMBER | |
| Classification number | HG 8781 .D 55 2009 |
| Item number | 1 |
| 100 ## - MAIN ENTRY--PERSONAL NAME | |
| Personal name | DICKSON,DAVID C.M. |
| 245 #0 - TITLE STATEMENT | |
| Title | ACTUARIAL MATHEMATICS FOR LIFE CONTINGENT RISKS |
| 260 ## - PUBLICATION, DISTRIBUTION, ETC. | |
| Place of publication, distribution, etc. | NEW YORK, |
| Name of publisher, distributor, etc. | CAMBRIDGE UNIVERSITY PRESS, |
| Date of publication, distribution, etc. | 2009 |
| 300 ## - PHYSICAL DESCRIPTION | |
| Extent | XVii, 493 P, ILL |
| 500 ## - GENERAL NOTE | |
| General note | INCLUDES BIBLIOGRAPHICAL REFERENCES AND INDEX |
| 650 ## - SUBJECT ADDED ENTRY--TOPICAL TERM | |
| Topical term or geographic name entry element | Insurance-Mathematics, Risk (Insurance) Mathematics |
| 700 ## - ADDED ENTRY--PERSONAL NAME | |
| Personal name | HARDY MARY R, WATERS HOWARD R |
| 942 ## - ADDED ENTRY ELEMENTS (KOHA) | |
| Koha item type | Computer Files |
| Source of classification or shelving scheme | Library of Congress Classification |
| Suppress in OPAC | No |
| Withdrawn status | Lost status | Source of classification or shelving scheme | Damaged status | Not for loan | Collection | Home library | Current library | Shelving location | Date acquired | Inventory number | Total checkouts | Full call number | Barcode | Date last seen | Date last checked out | Copy number | Price effective from | Koha item type |
|---|---|---|---|---|---|---|---|---|---|---|---|---|---|---|---|---|---|---|
| Library of Congress Classification | Business & Economics | Kisii University Library | Kisii University Library | On Display | 09/15/2023 | 28747 | 3 | HG 8781 .D 55 2009 | 015521 | 04/06/2026 | 03/23/2026 | 1 | 09/15/2023 | Long Loan Book |